000 00405pab a2200169 454500
008 180718b1996 xxu||||| |||| 00| 0 eng d
100 _aShah, U.M.
245 _aNew economic policy and cooperatives
260 _c1996
300 _ap.12-14
362 _aDec
650 _aIndia - Economic policy
650 _aEconomic planning
650 _aCooperatives
773 _aKurukshetra
909 _a33327
999 _c33327
_d33327